[Event "39th Olympiad Women"]
[Site "Khanty-Mansiysk RUS"]
[Date "2010.09.24"]
[Round "4"]
[White "Ptacnikova, Lenka"]
[Black "Ibrahim, Delbak Ismael"]
[Result "1-0"]
[WhiteTitle "WGM"]
[BlackTitle "WIM"]
[WhiteElo "2282"]
[BlackElo "1954"]
[Board "39.1"]
[WhiteTeam "ISL"]
[BlackTeam "IRQ"]
[WhiteFideId "305650"]
[BlackFideId "4803116"]
[EventDate "2010.09.21"]
[EventType "team"]

1. Nf3 g6 2. e4 Bg7 3. d4 d6 4. Nc3 Nf6 5. h3 O-O 6. Be3 Nbd7 7. Qd2 c5 8. O-O-O
cxd4 9. Nxd4 Nc5 10. f3 a6 11. h4 h5 12. Bh6 Bd7 13. Nd5 Ne8 14. Bg5 Nf6 15.
Nxf6+ exf6 16. Bh6 Rc8 17. Bxg7 Kxg7 18. Kb1 Qb6 19. g3 Rfd8 20. Bg2 Na4 21. Nb3
Be6 22. Qd4 Rc4 23. Qxb6 Nxb6 24. Rhe1 Rc7 25. Nd4 Rcd7 26. Nxe6+ fxe6 27. f4
Kf7 28. Kc1 d5 29. e5 f5 30. Rd4 Rc7 31. Bf1 Rdc8 32. c3 Nd7 33. Kb1 Nc5 34. Bg2
Ke7 35. c4 dxc4 36. Rxc4 Nd7 37. Rxc7 Rxc7 38. Rd1 Nb6 39. Rd3 Nc8 40. Rb3 b6
41. Bf1 a5 42. Ba6 1-0

[Event "39th Olympiad Women"]
[Site "Khanty-Mansiysk RUS"]
[Date "2010.09.24"]
[Round "4"]
[White "Mohammed Qane,Jannar Worya"]
[Black "Thorsteinsdottir, Hallgerdur"]
[Result "1/2-1/2"]
[WhiteTitle "WFM"]
[WhiteElo "1906"]
[BlackElo "1995"]
[Board "39.2"]
[WhiteTeam "IRQ"]
[BlackTeam "ISL"]
[WhiteFideId "4802144"]
[BlackFideId "2302454"]
[EventDate "2010.09.21"]
[EventType "team"]

1. d4 Nf6 2. c4 g6 3. Nc3 d5 4. e3 Bg7 5. Nf3 O-O 6. cxd5 Nxd5 7. Bc4 Nxc3 8.
bxc3 c5 9. O-O Nc6 10. Ba3 cxd4 11. cxd4 Bg4 12. h3 Bf5 13. Bb5 Be4 14. Rc1 a6
15. Be2 Rc8 16. Nd2 Bd5 17. Bc4 Bxc4 18. Rxc4 b5 19. Rc2 b4 20. Bb2 Qa5 21. Qa1
Na7 22. Rfc1 Rfd8 23. Nb3 Qb6 24. a3 1/2-1/2

[Event "39th Olympiad Women"]
[Site "Khanty-Mansiysk RUS"]
[Date "2010.09.24"]
[Round "4"]
[White "Finnbogadottir, Tinna Kristin"]
[Black "Jwan, Jamal Mohammed Ameen"]
[Result "1-0"]
[BlackTitle "WCM"]
[WhiteElo "1781"]
[BlackElo "1849"]
[Board "39.3"]
[WhiteTeam "ISL"]
[BlackTeam "IRQ"]
[WhiteFideId "2300214"]
[BlackFideId "4803000"]
[EventDate "2010.09.21"]
[EventType "team"]

1. e4 e5 2. Nf3 Nc6 3. Bc4 Bc5 4. O-O Nf6 5. d4 exd4 6. e5 Ng8 7. c3 dxc3 8. Qd5
Qe7 9. Bg5 Qf8 10. Nxc3 Na5 11. Nb5 Bb6 12. Rfe1 Ne7 13. Nd6+ Kd8 14. Nxf7+ Ke8
15. Bxe7 Qxe7 16. Nxh8 Nxc4 17. Qg8+ Qf8 18. Qxh7 Nxb2 19. Ng6 1-0

[Event "39th Olympiad Women"]
[Site "Khanty-Mansiysk RUS"]
[Date "2010.09.24"]
[Round "4"]
[White "Kareen, Jalaluldeen"]
[Black "Johannsdottir, Johanna Bjorg"]
[Result "0-1"]
[WhiteTitle "WCM"]
[WhiteElo "1790"]
[BlackElo "1781"]
[Board "39.4"]
[WhiteTeam "IRQ"]
[BlackTeam "ISL"]
[WhiteFideId "4801776"]
[BlackFideId "2303108"]
[EventDate "2010.09.21"]
[EventType "team"]

1. d4 d5 2. c4 c6 3. Nc3 e6 4. Nf3 Nf6 5. Bg5 Nbd7 6. e3 Qa5 7. Qa4 Qxa4 8. Nxa4
dxc4 9. Nc3 b5 10. a3 Bb7 11. Be2 a6 12. O-O c5 13. Rac1 Bd6 14. Rfd1 O-O 15.
Rd2 Nd5 16. Ne4 Bc7 17. Nxc5 Nxc5 18. dxc5 Rfc8 19. Nd4 c3 20. bxc3 Ba5 21. Nb3
Bxc3 22. Rdc2 f6 23. Bh4 Rab8 24. Rxc3 Nxc3 25. Rxc3 Bd5 26. Nd4 e5 27. Nf5 Kf8
28. f3 Rc6 29. e4 Be6 30. Bf2 g6 31. Ne3 Rd8 32. Bd3 Ke7 33. Kf1 Kd7 34. Nd5 Bf7
35. Ke2 Rdc8 36. Kd2 Re8 37. Nb4 Rce6 38. c6+ Kc8 39. Nd5 Rd6 40. Nb4 a5 41. Na6
Bc4 42. Nc5 Red8 43. Kc2 Bxd3+ 44. Rxd3 Rxc6 45. Rxd8+ Kxd8 46. Kb3 Kc7 47. Nd3
Rd6 48. Kc3 Kc6 49. Bc5 Rxd3+ 50. Kxd3 Kxc5 51. Kc3 b4+ 52. axb4+ axb4+ 53. Kb3
Kb5 54. g3 g5 55. h4 gxh4 56. gxh4 h5 57. Kb2 Kc4 58. Kc2 b3+ 59. Kb2 Kb4 60.
Kb1 Kc3 61. Kc1 b2+ 62. Kb1 Kb3 63. f4 exf4 64. e5 f3 0-1

[Event "39th Olympiad Women"]
[Site "Khanty-Mansiysk RUS"]
[Date "2010.09.24"]
[Round "4"]
[White "Mencos, Claudia"]
[Black "Abarca Gonzalez, Damaris"]
[Result "1-0"]
[WhiteElo "1912"]
[BlackElo "1991"]
[Board "40.1"]
[WhiteTeam "GUA"]
[BlackTeam "CHI"]
[WhiteFideId "7300573"]
[BlackFideId "3409414"]
[EventDate "2010.09.21"]
[EventType "team"]

1. e4 e5 2. Nf3 Nc6 3. Nc3 Nf6 4. Bb5 Bb4 5. O-O O-O 6. d3 d6 7. Bg5 Bxc3 8.
bxc3 h6 9. Bh4 Bg4 10. h3 Bxf3 11. Qxf3 g5 12. Bg3 Kg7 13. h4 Ne7 14. h5 c6 15.
Bc4 Qd7 16. d4 g4 17. Qd3 Nxh5 18. dxe5 d5 19. exd5 cxd5 20. e6 fxe6 21. Be5+
Nf6 22. Bb5 Nc6 23. Qg3 a6 24. Bxc6 Qxc6 25. Qxg4+ Kh7 26. Qh4 Ng8 27. Rab1 Qd7
28. Rb6 Rf7 29. Rfb1 Ra7 30. Qh3 Nf6 31. Rxe6 Ng8 32. Qd3+ 1-0

[Event "39th Olympiad Women"]
[Site "Khanty-Mansiysk RUS"]
[Date "2010.09.24"]
[Round "4"]
[White "Jorquera Cabello, Valentina"]
[Black "Figueroa, Julissa"]
[Result "1/2-1/2"]
[WhiteElo "1970"]
[BlackElo "1792"]
[Board "40.2"]
[WhiteTeam "CHI"]
[BlackTeam "GUA"]
[WhiteFideId "3405494"]
[BlackFideId "7300450"]
[EventDate "2010.09.21"]
[EventType "team"]

1. e4 c5 2. Nf3 e6 3. d3 d5 4. Nbd2 Nc6 5. g3 Nf6 6. Bg2 Be7 7. O-O O-O 8. e5
Nd7 9. Re1 Qc7 10. Qe2 b6 11. Nf1 d4 12. h4 Bb7 13. Bf4 Rfe8 14. N1h2 Nf8 15. h5
h6 16. Ng4 Kh7 17. Nd2 Bg5 18. Bxg5 hxg5 19. Ne4 Kg8 20. Nxg5 Ne7 21. h6 Bxg2
22. Kxg2 Qb7+ 23. Kg1 Nh7 24. Ne4 Nf5 25. hxg7 Kxg7 26. Ngf6 Rh8 27. Qg4+ Kf8
28. Kg2 Ke7 29. Rh1 Nxf6 30. exf6+ Kd7 31. Qf3 Qd5 32. Rxh8 Rxh8 33. Rh1 Rxh1
34. Kxh1 Qxa2 35. Ng5 Nd6 36. Nxf7 Qd5 37. Qxd5 exd5 38. Ne5+ Ke6 39. Nc6 Nb5
40. Ne7 Nc7 41. Nc6 a6 42. Nb8 a5 43. g4 Kxf6 44. Nd7+ Kg5 45. Nxb6 Kxg4 46. Kg2
Kf4 47. b3 Ke5 48. Kg3 Nb5 49. f4+ Kd6 50. f5 Na3 51. f6 Nxc2 52. Nxd5 Ke6 53.
Kf4 Ne1 54. Ke4 Nc2 55. Nc7+ Kxf6 56. Na6 Ke6 57. Nxc5+ Kd6 58. Nb7+ Kc6 59.
Nxa5+ Kb5 60. Nc4 Kb4 61. Nd2 Kc3 62. Nf3 Nb4 63. Ne1 Kxb3 64. Kxd4 Nxd3 65.
Nxd3 1/2-1/2

[Event "39th Olympiad Women"]
[Site "Khanty-Mansiysk RUS"]
[Date "2010.09.24"]
[Round "4"]
[White "Sotomayor Villatoro, Silvi"]
[Black "Cortes Arias, Mariela"]
[Result "1-0"]
[WhiteElo "1777"]
[BlackElo "1772"]
[Board "40.3"]
[WhiteTeam "GUA"]
[BlackTeam "CHI"]
[WhiteFideId "7301057"]
[BlackFideId "3405478"]
[EventDate "2010.09.21"]
[EventType "team"]

1. d4 c5 2. e3 e6 3. Bd3 Nf6 4. Nd2 Be7 5. f4 d5 6. c3 O-O 7. Ngf3 b6 8. Ne5 c4
9. Bc2 b5 10. O-O Qb6 11. e4 Bb7 12. exd5 Bxd5 13. Qe2 Nc6 14. Ndf3 a5 15. g4
Rfd8 16. g5 Nxe5 17. Nxe5 Nd7 18. Bxh7+ Kf8 19. Qh5 g6 20. Bxg6 Nxe5 21. fxe5
Ke8 22. Rxf7 Kd7 23. Qh7 Re8 24. Rg7 Qc6 25. Bxe8+ Rxe8 26. Be3 Bh1 27. Qh3 Rh8
28. Qg3 Be4 29. Rf1 Bf5 30. Qf3 Be4 31. Rxe7+ 1-0

[Event "39th Olympiad Women"]
[Site "Khanty-Mansiysk RUS"]
[Date "2010.09.24"]
[Round "4"]
[White "Bakri, Alia Anin Azwa"]
[Black "Muhandiram, R.m.m.u."]
[Result "1-0"]
[WhiteElo "1904"]
[BlackElo "1744"]
[Board "43.1"]
[WhiteTeam "MAS"]
[BlackTeam "SRI"]
[WhiteFideId "5702712"]
[BlackFideId "9904204"]
[EventDate "2010.09.21"]
[EventType "team"]

1. d4 Nf6 2. c4 c5 3. e3 e6 4. Nc3 d5 5. Nf3 Nc6 6. dxc5 Bxc5 7. cxd5 exd5 8.
Be2 O-O 9. O-O Bf5 10. a3 Re8 11. Nb5 Rc8 12. b4 Bb6 13. Bb2 a6 14. Nbd4 Nxd4
15. Nxd4 Bg6 16. Bd3 Ne4 17. Rc1 Bc7 18. Nf3 Qd6 19. g3 Bf5 20. Ng5 Qh6 21. Nxe4
dxe4 22. Be2 Bh3 23. Re1 Red8 24. Qa4 Qg6 25. Red1 Rf8 26. Rd2 h5 27. Qd1 h4 28.
Bh5 Qe6 29. Be2 Qg6 30. Bh5 Qe6 31. Rc5 b6 32. Rg5 f6 33. Bg4 Bxg4 34. Qxg4 Qxg4
35. Rxg4 hxg3 36. hxg3 Rce8 37. Kg2 Re6 38. Rc2 Bb8 39. Rh4 Rd8 40. Rh1 Kf7 41.
Rhc1 Bd6 42. Bd4 b5 43. Rc6 Bf8 44. Rc7+ Re7 45. R1c6 Rxc7 46. Rxc7+ Ke6 47. Ra7
Rd6 48. Bc5 Rd8 49. Rxa6+ Ke5 50. Bxf8 Rxf8 51. Rb6 Ra8 52. Rxb5+ Ke6 53. Ra5
Rc8 54. a4 Rb8 55. Rb5 Ra8 56. a5 Ra7 57. Rb6+ Kd7 58. g4 Kc7 59. Re6 Kd7 60.
Rxe4 Rb7 61. Rc4 Kd6 62. Kf3 Kd5 63. Rd4+ Ke5 64. Ke2 Ra7 65. Kd3 Ra6 66. Kc4
Ke6 67. Kb5 Ra8 68. a6 Ke7 69. Kb6 Ke6 70. Kb7 Rf8 71. Rc4 Kd7 72. a7 Kd6 73.
a8=Q Rxa8 74. Kxa8 Kd7 75. b5 Kd6 76. b6 Kd7 77. b7 Kd6 78. b8=Q+ 1-0

[Event "39th Olympiad Women"]
[Site "Khanty-Mansiysk RUS"]
[Date "2010.09.24"]
[Round "4"]
[White "Basnayake, I.U."]
[Black "Nur, Nabila Azman Hisham"]
[Result "1-0"]
[BlackTitle "WCM"]
[WhiteElo "1746"]
[BlackElo "1829"]
[Board "43.2"]
[WhiteTeam "SRI"]
[BlackTeam "MAS"]
[WhiteFideId "9901698"]
[BlackFideId "5702135"]
[EventDate "2010.09.21"]
[EventType "team"]

1. e4 c5 2. c3 d5 3. exd5 Qxd5 4. d4 Nc6 5. Nf3 Bg4 6. Be2 cxd4 7. cxd4 e6 8.
O-O Nf6 9. h3 Bh5 10. Nc3 Qd8 11. Be3 Be7 12. Qb3 Rb8 13. Rfd1 O-O 14. a3 Nd5
15. Nxd5 exd5 16. Rac1 Na5 17. Qa2 b5 18. Bf4 Rb7 19. b3 Bd6 20. Bxd6 Qxd6 21.
Rc5 a6 22. a4 Re7 23. axb5 Nxb3 24. Rc3 Rfe8 25. Bf1 Bxf3 26. Rxf3 Nxd4 27. Rxd4
axb5 28. Qxd5 Qa6 29. Qxb5 Qa1 30. Rd7 Re1 31. Rdxf7 h6 32. Kh2 Qd4 33. R7f4 Qd6
34. Bc4+ Kh8 35. Qd5 Qb8 36. g3 R1e5 37. Qd3 Rd8 38. Rd4 Rde8 39. Rd7 R5e7 40.
Rxe7 Rxe7 41. Rf7 Rxf7 42. Bxf7 Qb6 43. Qf3 Qd8 44. Qf5 1-0

[Event "39th Olympiad Women"]
[Site "Khanty-Mansiysk RUS"]
[Date "2010.09.24"]
[Round "4"]
[White "Wahiduddin, Nurul Huda"]
[Black "Premanath, Dinushki"]
[Result "0-1"]
[WhiteElo "2020"]
[BlackElo "1853"]
[Board "43.3"]
[WhiteTeam "MAS"]
[BlackTeam "SRI"]
[WhiteFideId "5700396"]
[BlackFideId "9903542"]
[EventDate "2010.09.21"]
[EventType "team"]

1. e4 c5 2. Nf3 d6 3. d4 cxd4 4. Nxd4 Nf6 5. Nc3 a6 6. Be2 e6 7. O-O Be7 8. Be3
O-O 9. h3 Nc6 10. a4 Qc7 11. Qc1 b6 12. Nxc6 Qxc6 13. Bf3 Nd7 14. e5 d5 15. Bf4
Bb7 16. Ne2 Qc7 17. Nd4 Nxe5 18. Be2 Bd6 19. c3 Nf3+ 20. Bxf3 Bxf4 21. Qd1 Rac8
22. Qb3 Qd8 23. Ne2 Bb8 24. Rfd1 Qc7 25. g3 Qc5 26. Rd2 Rfd8 27. Rad1 Ba7 28.
Nf4 b5 29. axb5 axb5 30. Nd3 Qc4 31. Qc2 Bb6 32. Ne5 Qc7 33. Re1 f6 34. Bg4 fxe5
35. Bxe6+ Kh8 36. Bxc8 Bxc8 37. Kg2 Qd7 38. g4 Bc7 39. Qd3 Bb7 40. f3 Rf8 41. c4
bxc4 42. Qxc4 Ba5 43. Qc5 Qd8 44. b4 Bb6 45. Qc2 Qf6 46. Qb3 e4 47. fxe4 dxe4
48. Rde2 e3+ 0-1

[Event "39th Olympiad Women"]
[Site "Khanty-Mansiysk RUS"]
[Date "2010.09.24"]
[Round "4"]
[White "Ranasinghe, S.D."]
[Black "Fong, Mi Yen"]
[Result "1-0"]
[WhiteElo "1822"]
[BlackElo "1905"]
[Board "43.4"]
[WhiteTeam "SRI"]
[BlackTeam "MAS"]
[WhiteFideId "9902651"]
[BlackFideId "5703522"]
[EventDate "2010.09.21"]
[EventType "team"]

1. d4 g6 2. c4 Bg7 3. Nc3 d6 4. g3 Nc6 5. Nf3 Bg4 6. Be3 e5 7. dxe5 Nxe5 8. Nxe5
dxe5 9. Qb3 Qc8 10. Bg2 c6 11. Ne4 Qc7 12. c5 Bf8 13. Nd6+ Bxd6 14. cxd6 Qa5+
15. Bd2 Qa6 16. Qe3 Qb5 17. Bc3 O-O-O 18. h3 Be6 19. a4 Qb6 20. Qxe5 Nh6 21. Ba5
Qb3 22. Bxd8 Rxd8 23. O-O Nf5 24. Qa5 Nxd6 25. Qxa7 Bc4 26. Rfc1 Nf5 27. e3 Rd2
28. Qa8+ Kd7 29. Bf3 Nxe3 30. Re1 Qxb2 31. Rab1 Qc2 32. Rxb7+ Ke6 33. Rxe3+ Kf5
34. Qc8+ Kg5 35. h4+ Kh6 36. Qf8# 1-0

[Event "39th Olympiad Women"]
[Site "Khanty-Mansiysk RUS"]
[Date "2010.09.24"]
[Round "4"]
[White "Chen, I-Chen"]
[Black "Sabure, Tuduetso"]
[Result "1-0"]
[BlackTitle "WGM"]
[WhiteElo "1699"]
[BlackElo "2019"]
[Board "44.1"]
[WhiteTeam "TPE"]
[BlackTeam "BOT"]
[WhiteFideId "16300181"]
[BlackFideId "11300248"]
[EventDate "2010.09.21"]
[EventType "team"]

1. e4 c5 2. Nf3 d6 3. d4 cxd4 4. Nxd4 Nf6 5. Nc3 a6 6. Be2 e6 7. Be3 Be7 8. O-O
O-O 9. f4 Nbd7 10. Qe1 Qc7 11. Qg3 b5 12. a3 Bb7 13. f5 Nc5 14. Bh6 g6 15. fxg6
fxg6 16. Bxf8 Rxf8 17. b4 Ncxe4 18. Nxe4 Nxe4 19. Qh3 Bf6 20. Qxe6+ Kg7 21. Rad1
Qb6 22. Kh1 Bxd4 23. Qe7+ Kh6 24. Qxf8+ Bg7 25. Qf4+ g5 26. Qf3 Bf6 27. Bd3 g4
28. Qf5 Be5 29. Bxe4 Bxe4 30. Qxe4 Qc7 31. Qxg4 Qe7 32. Qh3+ Kg7 33. Qg4+ Kh8
34. Qc8+ Kg7 35. Qh3 Qc7 36. Rf3 Qxc2 37. Rdf1 Qg6 38. Qd7+ Kh6 39. Rh3+ Kg5 40.
Qe7+ 1-0

[Event "39th Olympiad Women"]
[Site "Khanty-Mansiysk RUS"]
[Date "2010.09.24"]
[Round "4"]
[White "Lopang, Tshepiso"]
[Black "Lin, Yu-Tong Elaine"]
[Result "0-1"]
[WhiteTitle "WCM"]
[WhiteElo "1932"]
[BlackElo "1464"]
[Board "44.2"]
[WhiteTeam "BOT"]
[BlackTeam "TPE"]
[WhiteFideId "11300515"]
[BlackFideId "16300149"]
[EventDate "2010.09.21"]
[EventType "team"]

1. c4 e5 2. Nc3 f5 3. d3 Nf6 4. Bg5 h6 5. Bd2 Nc6 6. Nf3 Bc5 7. h3 d6 8. Na4 Bb6
9. Nxb6 axb6 10. g3 Be6 11. Bg2 Qd7 12. Qc2 O-O 13. a3 Ne7 14. Nh4 c5 15. Qb3
Qc7 16. Qc2 Qd7 17. Qb3 Qc7 18. O-O e4 19. dxe4 fxe4 20. Qc2 g5 21. Bxe4 gxh4
22. Bxh6 Rfd8 23. Bg2 Kf7 24. Bg5 Qd7 25. Kh2 Rh8 26. Bxh4 Rag8 27. f4 Nf5 28.
Bxf6 Kxf6 29. Qc3+ Ke7 30. g4 Nd4 31. e3 Ne2 32. Qd3 Bxg4 33. Qe4+ Kd8 34. Rf3
Bxf3 35. Qxf3 Ng3 36. Rd1 Nf5 37. Qe4 Nh4 38. Bf1 Nf5 39. Bg2 Nh4 40. Bf1 Nf5
41. Bg2 Re8 42. Qxb7 Qxb7 43. Bxb7 Rxe3 44. Bg2 Kc7 45. Rd5 Rf8 46. Rd2 Nd4 47.
a4 Re2 48. Rd3 Rxb2 49. Rg3 Nf5 50. Rg5 Nh4 51. Rg7+ Kd8 0-1

[Event "39th Olympiad Women"]
[Site "Khanty-Mansiysk RUS"]
[Date "2010.09.24"]
[Round "4"]
[White "Matoussi, Amina"]
[Black "Al-Khelaifi, Salama"]
[Result "1/2-1/2"]
[BlackTitle "WFM"]
[WhiteElo "1772"]
[BlackElo "1736"]
[Board "46.1"]
[WhiteTeam "TUN"]
[BlackTeam "QAT"]
[WhiteFideId "5501164"]
[BlackFideId "12100048"]
[EventDate "2010.09.21"]
[EventType "team"]

1. e4 c6 2. d4 d5 3. Nc3 dxe4 4. Nxe4 Nf6 5. Nxf6+ exf6 6. Nf3 Bd6 7. Bc4 O-O 8.
O-O a5 9. c3 Na6 10. Qc2 b5 11. Bd3 g6 12. Bh6 Re8 13. Rfe1 Be6 14. Nh4 f5 15.
g3 Qf6 16. Qd2 a4 17. d5 Bxd5 18. Rxe8+ Rxe8 19. Bxb5 cxb5 20. Qxd5 Nc7 21. Qd2
Be7 22. Nf3 Rd8 23. Qe2 Qe6 24. Qxe6 fxe6 25. Bf4 Nd5 26. Be5 Rc8 27. Nd4 Kf7
28. Nxb5 Rc5 29. Nd6+ Kf8 30. b4 Rc6 31. Nb5 Kf7 32. a3 Rb6 33. c4 Nf6 34. Rd1
Rc6 35. c5 Nd5 36. Na7 Ra6 37. Bb8 Ke8 38. b5 Ra5 39. Rc1 Bd8 40. c6 Bb6 41. c7
Bxc7 42. Bxc7 Rxa7 43. Be5 Rb7 44. Rc4 Rxb5 45. Rxa4 Nb6 46. Ra6 Rxe5 47. Rxb6
Ra5 48. Rxe6+ Kd7 49. Re3 Ra7 50. Rc3 Kd6 51. Kf1 Kd5 52. Ke2 Ke4 53. f3+ Kd4
54. Rd3+ Kc4 55. h3 Kb5 56. Rc3 Ka4 57. Ke3 Rd7 58. Kf4 Re7 59. Kg5 Rf7 60. Kf4
Re7 61. Re3 1/2-1/2

[Event "39th Olympiad Women"]
[Site "Khanty-Mansiysk RUS"]
[Date "2010.09.24"]
[Round "4"]
[White "Marzouk, Amira"]
[Black "Safar, Reem"]
[Result "0-1"]
[WhiteTitle "WCM"]
[BlackTitle "WFM"]
[WhiteElo "1745"]
[BlackElo "1702"]
[Board "46.3"]
[WhiteTeam "TUN"]
[BlackTeam "QAT"]
[WhiteFideId "5501148"]
[BlackFideId "12100269"]
[EventDate "2010.09.21"]
[EventType "team"]

1. e4 c6 2. d4 d5 3. e5 c5 4. dxc5 Nc6 5. Nf3 e6 6. Bd3 Bxc5 7. O-O Nge7 8. Bf4
O-O 9. Bxh7+ Kh8 10. Ng5 g6 11. Qg4 Kg7 12. Qh3 Rh8 13. Nxe6+ fxe6 14. Qh6+ Kf7
15. Qh4 Nf5 16. Qh3 Qh4 17. Qxh4 Nxh4 18. g3 Nf5 19. Bxg6+ Kxg6 20. Nd2 Ncd4 21.
c3 Ne2+ 22. Kh1 Nxf4 23. gxf4 Bd7 0-1

[Event "39th Olympiad Women"]
[Site "Khanty-Mansiysk RUS"]
[Date "2010.09.24"]
[Round "4"]
[White "Greenidge, Nathali"]
[Black "Koskoska, Gabriela"]
[Result "0-1"]
[BlackTitle "WIM"]
[WhiteElo "2016"]
[BlackElo "2142"]
[Board "47.1"]
[WhiteTeam "BAR"]
[BlackTeam "MKD"]
[WhiteFideId "11100281"]
[BlackFideId "15000630"]
[EventDate "2010.09.21"]
[EventType "team"]

1. e4 c5 2. Nf3 d6 3. d3 g6 4. g3 Bg7 5. Bg2 Nc6 6. O-O e5 7. Nbd2 Nge7 8. c3
O-O 9. a4 b6 10. Nc4 Rb8 11. Bg5 h6 12. Be3 a6 13. Qd2 b5 14. axb5 axb5 15. Na3
Na5 16. Rad1 Kh7 17. h3 Be6 18. Nc2 Qc7 19. Nh2 d5 20. exd5 Nxd5 21. d4 exd4 22.
cxd4 Nb3 23. Qe2 Nxe3 24. Qxe3 cxd4 25. Nxd4 Nxd4 26. Rxd4 Bxd4 27. Qxd4 Qd8 28.
Qb4 Qf6 29. Nf3 Rfc8 30. Ra1 Rc2 31. Qd6 Rd8 32. Qb6 Rxb2 33. Ra7 Kg7 34. Kh2
Bd5 35. Qe3 Rb3 0-1

[Event "39th Olympiad Women"]
[Site "Khanty-Mansiysk RUS"]
[Date "2010.09.24"]
[Round "4"]
[White "Jonoska, Katerina"]
[Black "Corbin, Rashida"]
[Result "1-0"]
[WhiteElo "2012"]
[BlackElo "1718"]
[Board "47.2"]
[WhiteTeam "MKD"]
[BlackTeam "BAR"]
[WhiteFideId "15002551"]
[BlackFideId "11101571"]
[EventDate "2010.09.21"]
[EventType "team"]

1. e4 e5 2. Bc4 Nc6 3. d3 Bc5 4. Nc3 d6 5. Na4 Nge7 6. Nf3 Bg4 7. Nxc5 Rf8 8.
Nb3 Qd7 9. h3 Bh5 10. g4 Bg6 11. Be3 a6 12. a4 O-O-O 13. Qd2 h5 14. g5 Bh7 15.
O-O-O Kb8 16. Na5 Nxa5 17. Qxa5 Nc6 18. Qc3 f5 19. gxf6 gxf6 20. h4 Rde8 21.
Rhg1 Re7 22. Rg3 Nd8 23. Qb3 Ka8 24. Rdg1 Nc6 25. Bd5 Kb8 26. Bxc6 Qxc6 27. Rg7
Qd7 28. Bh6 Rxg7 29. Rxg7 Qh3 30. Kb1 Qxf3 31. Rxh7 Qh1+ 32. Ka2 Rc8 33. Be3
Qxh4 34. Qf7 Qg4 35. Bb6 Ka8 36. Bxc7 Qg8 37. Qxg8 1-0

[Event "39th Olympiad Women"]
[Site "Khanty-Mansiysk RUS"]
[Date "2010.09.24"]
[Round "4"]
[White "Liu, Yang"]
[Black "Gonzalez, Yaribeth"]
[Result "1-0"]
[WhiteTitle "WFM"]
[WhiteElo "2083"]
[BlackElo "1906"]
[Board "48.2"]
[WhiteTeam "SIN"]
[BlackTeam "PAN"]
[WhiteFideId "5800919"]
[BlackFideId "6600344"]
[EventDate "2010.09.21"]
[EventType "team"]

1. d4 d5 2. c4 Nf6 3. cxd5 Qxd5 4. Nc3 Qa5 5. Bd2 Qb6 6. Nf3 Bd7 7. e4 e6 8. Bd3
Be7 9. O-O O-O 10. Qe2 c5 11. dxc5 Bxc5 12. e5 Ng4 13. Bxh7+ Kh8 14. Ne4 Bb5 15.
Qe1 Bxf1 16. Nxc5 Rc8 17. Qxf1 Qxc5 18. Be4 Nc6 19. Rc1 Qb6 20. Bc3 g6 21. h3
Nh6 22. Qe2 Kg7 23. h4 Rc7 24. h5 Rh8 25. hxg6 Ng4 26. Rf1 Qa6 27. Bd3 Qb6 28.
Qe4 f5 29. exf6+ Nxf6 30. Ng5 Nd8 31. Qe5 Rxc3 32. bxc3 Rh5 33. Re1 Qc6 34.
Nxe6+ Nxe6 35. Qxe6 Qxe6 36. Rxe6 Rd5 37. Re7+ Kh6 38. Bf1 Kxg6 39. Rxb7 Ra5 40.
Bd3+ Kg5 41. Rb5+ Rxb5 42. Bxb5 Nd5 43. c4 Nc3 44. a4 Ne4 45. f3 1-0

[Event "39th Olympiad Women"]
[Site "Khanty-Mansiysk RUS"]
[Date "2010.09.24"]
[Round "4"]
[White "Smith, Javanna"]
[Black "Solomons, Anzel"]
[Result "0-1"]
[WhiteTitle "WCM"]
[BlackTitle "WIM"]
[WhiteElo "1796"]
[BlackElo "1932"]
[Board "50.2"]
[WhiteTeam "TRI"]
[BlackTeam "RSA"]
[WhiteFideId "7700466"]
[BlackFideId "14300800"]
[EventDate "2010.09.21"]
[EventType "team"]

1. e4 e5 2. Nf3 Nc6 3. Bc4 Be7 4. O-O Nf6 5. Nc3 d6 6. d4 O-O 7. a3 Bg4 8. dxe5
dxe5 9. Qxd8 Raxd8 10. Be3 Nd4 11. Bxd4 exd4 12. Nd5 Nxd5 13. Bxd5 c6 14. Bc4
Bxf3 15. gxf3 Rd6 16. Rad1 Rfd8 17. Rfe1 Bg5 18. e5 Rg6 19. h3 Bd2+ 20. Kh2 Bxe1
21. Rxe1 b5 22. Bd3 Re6 23. f4 g6 24. h4 f6 25. a4 a6 26. axb5 axb5 27. b4 Rde8
28. Re4 fxe5 29. fxe5 Rxe5 30. Rxd4 Kf7 31. c4 bxc4 32. Bxc4+ Ke7 33. Kg3 Rd8
34. Rg4 Kd6 35. Rd4+ Kc7 36. Rf4 Rde8 37. Kg4 Re4 38. Bf7 Rxf4+ 39. Kxf4 Rf8 40.
Kg3 Rxf7 0-1

[Event "39th Olympiad Women"]
[Site "Khanty-Mansiysk RUS"]
[Date "2010.09.24"]
[Round "4"]
[White "Oh, Minah"]
[Black "Benson, Nicola"]
[Result "1-0"]
[WhiteElo "1517"]
[BlackElo "1407"]
[Board "53.4"]
[WhiteTeam "KOR"]
[BlackTeam "IRL"]
[WhiteFideId "13201239"]
[BlackFideId "2500604"]
[EventDate "2010.09.21"]
[EventType "team"]

1. e4 d5 2. exd5 Nf6 3. Nf3 Nxd5 4. d4 g6 5. c4 Nb6 6. Be2 Bg7 7. O-O O-O 8. Nc3
Bg4 9. b3 Bxf3 10. Bxf3 Bxd4 11. Bb2 Nc6 12. Qd2 Bxf2+ 13. Qxf2 e6 14. Bxc6 bxc6
15. Ba3 f5 16. Bxf8 Qxf8 17. Qe3 Re8 18. Qf3 e5 19. Qxc6 Qf7 20. Rad1 Nc8 21.
Rd7 Qf8 22. Nd5 Nd6 23. Qxc7 1-0

[Event "39th Olympiad Women"]
[Site "Khanty-Mansiysk RUS"]
[Date "2010.09.24"]
[Round "4"]
[White "Nakagawa, Emiko"]
[Black "Duron Godoy, Sari Esther"]
[Result "1-0"]
[WhiteTitle "WCM"]
[BlackTitle "WCM"]
[WhiteElo "1806"]
[BlackElo "1905"]
[Board "54.1"]
[WhiteTeam "JPN"]
[BlackTeam "HON"]
[WhiteFideId "7000480"]
[BlackFideId "8400121"]
[EventDate "2010.09.21"]
[EventType "team"]

1. d4 d5 2. c4 dxc4 3. e3 Nf6 4. Bxc4 e6 5. Nc3 Bb4 6. Qc2 Nbd7 7. a3 Be7 8. Nf3
c5 9. O-O cxd4 10. Nxd4 O-O 11. b4 Qc7 12. Be2 a6 13. Bb2 Nd5 14. Rac1 Qd6 15.
Ne4 Qb6 16. Nf3 N7f6 17. Nxf6+ Bxf6 18. Bxf6 Nxf6 19. Rfd1 Rd8 20. Rxd8+ Qxd8
21. Ne5 Nd7 22. Rd1 Qe7 23. Qc7 b5 24. Nxd7 Bxd7 25. Rxd7 Qf6 26. Qc1 g6 27. Bf3
Rb8 28. h3 Kg7 29. Qc7 Rf8 30. Qc1 Rb8 31. Rc7 Rb6 32. Qc3 e5 33. Rc6 Rxc6 34.
Qxc6 Qxc6 35. Bxc6 1-0